Zákon o miestnom poplatku za rozvoj

Miestny poplatok za rozvoj je poplatok, ktorý sa platí obci alebo mestu pri stavebnej činnosti – teda ak niekto stavia novú budovu alebo podstatne mení existujúcu. Tento poplatok slúži na to, aby sa obec mohla podieľať na financovaní infraštruktúry, čiže cesty, chodníky, zeleň, škôlky, verejné osvetl...

Descrizione completa

Salvato in:
Dettagli Bibliografici
Autore principale: Ivanáková, Daniela
Natura: Capitolo di libro
Lingua:slovacco
Soggetti:
Tags: Aggiungi Tag
Nessun Tag, puoi essere il primo ad aggiungerne!!

MARC

LEADER 00000naa a2200000 4500
001 0312998
005 20251103113339.1
041 0 |a slo 
044 |a SK 
245 1 0 |a Zákon o miestnom poplatku za rozvoj  |c Daniela Ivanáková 
520 |a Miestny poplatok za rozvoj je poplatok, ktorý sa platí obci alebo mestu pri stavebnej činnosti – teda ak niekto stavia novú budovu alebo podstatne mení existujúcu. Tento poplatok slúži na to, aby sa obec mohla podieľať na financovaní infraštruktúry, čiže cesty, chodníky, zeleň, škôlky, verejné osvetlenie a pod., ktorú stavby využívajú. Poplatok platí stavebník, t. j. osoba, v prospech ktorej sa vydáva stavebné povolenie a tiež sa platí za stavbu, ktorá podlieha stavebnému povoleniu, ale nie ohláseniu drobnej stavby. Poplatok sa platí len vtedy, ak obec alebo mesto vydalo vlastné všeobecne záväzné nariadenie, ktorým poplatok zaviedlo. Poplatok sa vyberá za novostavby alebo prístavby stavieb, medzi ktoré patria rodinné domy a bytové domy, administratívne a obchodné budovy, priemyselné haly, výrobné objekty, garáže, sklady, hotely, školy, nemocnice, atď. 
610 2 0 |a financovanie 
610 2 0 |a poplatky miestne 
610 2 0 |a obce 
610 2 0 |a stavby 
610 2 0 |a zákony 
610 2 0 |a dane 
100 1 |a Ivanáková, Daniela